| 000 | 01031nam a22001937a 4500 | ||
|---|---|---|---|
| 008 | 100420s2006 ua|||||r||| 000 0 arad | ||
| 082 |
_222 _a297.2720962 _bف ت ا |
||
| 100 |
_913628 _aعبد الفتاح، نبيل |
||
| 245 |
_aالإسلام والديمقراطية والعولمة : _bالحالة المصرية / _cنبيل عبد الفتاح |
||
| 250 | _aط1 | ||
| 260 |
_aالقاهرة: _bمركز القاهرة لدراسات حقوق الانسان ، 2006 _c2006 |
||
| 300 |
_a361 ص : _bايض ؛ _c24 سم |
||
| 490 |
_916607 _aمبادرات فكرية _n28 |
||
| 504 | _aيشتمل على إرجاعات ببليوجرافية | ||
| 650 |
_913630 _aالإسلام _xالنظام السياسي في _zمصر |
||
| 650 |
_913315 _aالإسلام والديموقراطية |
||
| 942 |
_2ddc _cBB _k297.2720962 ف ت ا |
||
| 999 |
_c13918 _d13918 |
||